Melhor jogador do mundo pela FIFA - Statistics

Estatísticas Gerais
  • Esse quiz foi jogado 115 vezes
  • A pontuação média é 10 de 15
Estatísticas das Respostas
Hint Resposta % Correto
20092010 2011 2012 2015 Lionel Messi
98%
20082013 2014 2016 2017 Cristiano Ronaldo
97%
2018 Luka Modric
94%
2007 Kaka
89%
19961997 2002 Ronaldo
87%
20042005 Ronaldinho
86%
19982000 2003 Zinedine Zidane
81%
1999 Rivaldo
68%
1994 Romario
63%
2006 Fabio Cannavaro
60%
2001 Luis Figo
45%
1995 George Weah
39%
1993 Roberto Baggio
35%
1992 Marco Van Basten
28%
1991 Lothar Matthaus
21%
Nenhum quiz correspondente encontrado
Distribuição das Pontuações
Porcentagem de Pessoas com Cada Pontuação
Percentil de Números Respondidos
Sua Pontuação Histórica
Você não jogou esse quiz